中国大陆城市轨交2024年高峰断面客流量≥3万人次的线路 - Statistics

General Stats
  • This quiz has been taken 26 times
  • The average score is 30 of 40
Answer Stats
强度 城市 编组 线路号 % Correct
5.80 北京 8B 6
96%
5.68 上海 6A 9
91%
4.98 上海 8A 1
87%
3.90 广州 6A 1
87%
4.07 上海 8A 2
87%
4.46 广州 6B 3
87%
5.38 深圳 6A 4
87%
5.01 成都 6B 1
83%
4.37 北京 6B 1
83%
4.98 北京 6B 10
83%
4.96 上海 6A 11
83%
3.58 广州 6A 2
83%
5.24 北京 6B 4-大兴
83%
3.88 广州 6L 5
83%
4.01 上海 6A 7
83%
3.53 广州 6A 8
83%
4.98 深圳 6A 1
78%
3.46 南京 6A 3
78%
3.61 上海 7C 8
78%
3.74 武汉 6B 2
74%
4.83 深圳 6A 5
74%
4.77 深圳 8A 11
70%
4.87 深圳 8A 14
70%
3.35 西安 6B 2
70%
3.19 成都 6B 2
70%
3.10 南京 6A 2
70%
3.55 西安 6B 3
70%
3.00 成都 6B 3
70%
3.26 成都 6B 4
70%
3.98 北京 6B 5
70%
3.66 西安 6B 6
70%
4.06 北京 6B 房山
65%
3.02 南京 6A 1
65%
3.85 深圳 8A 10
65%
3.52 深圳 6A 6
65%
3.62 北京 6B 昌平
61%
3.42 北京 6A 14
61%
3.03 成都 8A 9
61%
3.26 上海 6A 18
57%
3.18 深圳 6B 3
52%
No matching quizzes found
Score Distribution
Percent of People with Each Score
Percentile by Number Answered
Your Score History
You have not taken this quiz